| 000 | 00920cam a22003017a 4500 | ||
|---|---|---|---|
| 003 | CHAP | ||
| 005 | 20220329140538.0 | ||
| 008 | 971013s1941 r 00010 d | ||
| 010 | _a53675 | ||
| 011 | _a54647 | ||
| 035 | _a58798 | ||
| 040 | _cCHAP | ||
| 082 |
_a633.18 _bR85 |
||
| 100 | 0 | 0 |
_aRuiz de Velasco, Cándido. _9100647 |
| 245 | 1 | 3 | _aEl cultivo del arroz |
| 260 |
_aMéxico, D. F. : _bBartolomé Trucco, _c1941 |
||
| 300 |
_a247 p. _b: ilus. |
||
| 590 |
_aBATCH-UPD _b10 _c20130109 _lUCH01 _h2311 |
||
| 590 |
_aBATCH-UPD _b10 _c20130110 _lUCH01 _h2345 |
||
| 590 |
_aBATCH-UPD _b10 _c20130409 _lUCH01 _h1829 |
||
| 590 |
_aBATCH-UPD _b10 _c20130410 _lUCH01 _h1633 |
||
| 590 |
_aBATCH-UPD _b10 _c20130914 _lUCH01 _h0406 |
||
| 590 |
_aCONVERSION _b10 _c20130109 _lUCH01 _h1329 |
||
| 650 | 1 | 4 |
_aArroz _xMéxico. _97635 |
| 901 | _aBK | ||
| 942 | _cLIBRO | ||
| 949 |
_a633.18 R85 _bBC _cBPP _d33724000196853 _eBPP _h22311 _i58798 _si |
||
| 999 |
_c53675 _d53675 |
||